Building for a new urban mobility (Record no. 121190)
[ view plain ]
| 000 -LEADER | |
|---|---|
| fixed length control field | 01342nam a22002417a 4500 |
| 001 - CONTROL NUMBER | |
| control field | K121190 |
| 008 - FIXED-LENGTH DATA ELEMENTS--GENERAL INFORMATION | |
| fixed length control field | 160218b2020 xxu||||| |||| 00| 0 eng d |
| 041 ## - LANGUAGE CODE | |
| Language code of text/sound track or separate title | eng |
| 100 ## - MAIN ENTRY--PERSONAL NAME | |
| Personal author | Bosett, Nicolas |
| 245 ## - TITLE STATEMENT | |
| Title | Building for a new urban mobility |
| 260 ## - PUBLICATION INFORMATION | |
| Place of publication | London |
| Publisher | Centre for London |
| Date | 2020 |
| 300 ## - PHYSICAL DESCRIPTION | |
| Physical description | 83p |
| 520 ## - ABSTRACT | |
| Abstract | Promotes the case for a policy-led approach termed “New Urban Mobility” – the harnessing of technology to enable active travel, public transport use, the cleanest vehicle technology and minimal use of private cars. Uses 10 principles (emerging from research and practice) to enable adaptive and sustainable development: 1. Base masterplans on active travel and public transport,<br/>2. Use street layouts to prioritise active travel,3. Limit parking provision, and locate strategically, 4. Enable easy interchanging, 5 Provide electric charging infrastructure, 6. Consolidate local freight, 7. Offer shared mobility service memberships, 8. Ensure buildings are easily adaptable, 9. Future-proof parking and creates 10. Create dynamic streetscapes |
| 650 ## - KEYWORDS | |
| Keywords | Public transport |
| 650 ## - KEYWORDS | |
| Keywords | Electric cars |
| 650 ## - KEYWORDS | |
| Keywords | Charging points |
| 650 ## - KEYWORDS | |
| Keywords | Value the planet |
| 651 ## - SUBJECT ADDED ENTRY--GEOGRAPHIC NAME | |
| Geographic name | United Kingdom 1973 |
| 690 ## - BROAD SUBJECT | |
| 9 (RLIN) | 6246 |
| Broad subject | Infrastructure |
| 700 ## - ADDED PERSONAL NAME | |
| Added personal author | Wills, Joe |
| 700 ## - ADDED PERSONAL NAME | |
| Added personal author | Belcher, Erica |
| 942 ## - ADDED ENTRY ELEMENTS (KOHA) | |
| Suppress in OPAC | Do not suppress in OPAC |
| Lost status | Damaged status | Not for loan | Home library | Current library | Shelving location | Date acquired | Total Checkouts | Date last seen | Price effective from | Koha item type |
|---|---|---|---|---|---|---|---|---|---|---|
| Virtual | Virtual | Online | 04/02/2020 | 04/02/2020 | 04/02/2020 | Online material |